<?xml version="1.0" encoding="UTF-8"?><?xml-stylesheet type="text/xsl" href="static/style.xsl"?><OAI-PMH xmlns="http://www.openarchives.org/OAI/2.0/" xmlns:xsi="http://www.w3.org/2001/XMLSchema-instance" xsi:schemaLocation="http://www.openarchives.org/OAI/2.0/ http://www.openarchives.org/OAI/2.0/OAI-PMH.xsd"><responseDate>2026-04-17T00:41:17Z</responseDate><request verb="GetRecord" identifier="oai:www.recercat.cat:2445/103508" metadataPrefix="marc">https://recercat.cat/oai/request</request><GetRecord><record><header><identifier>oai:recercat.cat:2445/103508</identifier><datestamp>2025-12-05T09:46:10Z</datestamp><setSpec>com_2072_1057</setSpec><setSpec>col_2072_478778</setSpec><setSpec>col_2072_478917</setSpec></header><metadata><record xmlns="http://www.loc.gov/MARC21/slim" xmlns:dcterms="http://purl.org/dc/terms/" xmlns:xsi="http://www.w3.org/2001/XMLSchema-instance" xmlns:doc="http://www.lyncode.com/xoai" xsi:schemaLocation="http://www.loc.gov/MARC21/slim http://www.loc.gov/standards/marcxml/schema/MARC21slim.xsd">
   <leader>00925njm 22002777a 4500</leader>
   <datafield ind2=" " ind1=" " tag="042">
      <subfield code="a">dc</subfield>
   </datafield>
   <datafield ind2=" " ind1=" " tag="720">
      <subfield code="a">Ferrer Suay, Mar</subfield>
      <subfield code="e">author</subfield>
   </datafield>
   <datafield ind2=" " ind1=" " tag="720">
      <subfield code="a">Selfa i Arlandis, Jesús, 1962-</subfield>
      <subfield code="e">author</subfield>
   </datafield>
   <datafield ind2=" " ind1=" " tag="720">
      <subfield code="a">Pujade, Juli, 1960-</subfield>
      <subfield code="e">author</subfield>
   </datafield>
   <datafield ind2=" " ind1=" " tag="260">
      <subfield code="c">2016-11-09T15:48:09Z</subfield>
   </datafield>
   <datafield ind2=" " ind1=" " tag="260">
      <subfield code="c">2016-11-09T15:48:09Z</subfield>
   </datafield>
   <datafield ind2=" " ind1=" " tag="260">
      <subfield code="c">2014</subfield>
   </datafield>
   <datafield ind2=" " ind1=" " tag="260">
      <subfield code="c">2016-11-09T15:48:14Z</subfield>
   </datafield>
   <datafield ind2=" " ind1=" " tag="520">
      <subfield code="a">Hartig's collection of Alloxysta species, deposited in the Zoologische Staatssammlung Museum (ZSM, Munich, Germany), is here reviewed. In total, 19 species and 144 specimens have been studied. Fourteen species, of the previous twenty-two, are now valid: Alloxysta aperta (Hartig, 1841), A. brachyptera (Hartig, 1840), A. castanea (Hartig, 1841), A. circumscripta (Hartig, 1841), A. fuscicornis (Hartig, 1841), A. leunisii (Hartig, 1841), A. longipennis (Hartig, 1841), A. macrophadna (Hartig, 1841), A. melanogaster (Hartig, 1840), A. obscurata (Hartig, 1840), A. pilipennis (Hartig, 1840), A. postica (Hartig, 1841), A. minuta (Hartig, 1840) and A. rufiventris (Hartig, 1840). These species are redescribed and their morphological features are illustrated in corresponding plates. Alloxysta cursor (Hartig, 1840) and A. erythrothorax (Hartig, 1840) are considered as 'nomen dubium'. Two new synonyms are here established among Hartig's species: Alloxysta defecta (Hartig, 1841) with A. castanea (Hartig, 1841) and A. flavicornis (Hartig, 1841) with A. pilipennis (Hartig, 1840). Additional material of Alloxysta deposited in this museum has been examined and new host records are here reported.</subfield>
   </datafield>
   <datafield tag="653" ind2=" " ind1=" ">
      <subfield code="a">Himenòpters</subfield>
   </datafield>
   <datafield tag="653" ind2=" " ind1=" ">
      <subfield code="a">Hymenoptera</subfield>
   </datafield>
   <datafield ind2="0" ind1="0" tag="245">
      <subfield code="a">Review of the Hartig type collection of Alloxysta (Hymenoptera: Figitidae: Charipinae) and other Alloxysta material deposited in the Zoologische Staatssammlung Museum (Munich)</subfield>
   </datafield>
</record></metadata></record></GetRecord></OAI-PMH>